Statistics for Extra Hard Geography Quiz

Click here to take the quiz!

General Stats

  • This quiz has been taken 155 times
  • The average score is 4 of 20

Answer Stats

QuestionAnswer% Correct
What is the largest desert in the World?Antarctica
71%
What is the currency used in Venezuela?Bolívar
45%
What is the largest island in Croatia?Krk
39%
The longest passenger non stop flight operates between Dubai and which other city?Auckland
31%
John Snow used a map to prove which disease was not spread though 'bad air'?Cholera
31%
What is the name of the gap splitting the Pan American Highway between North and South America?Darién Gap
26%
In which city would you find Tullamarine Airport?Melbourne
26%
The Meeting of the Waters is a confluence between the Amazon and which other river?River Negro
22%
Other than increasing global temperatures, carbon dioxide has caused what process in the oceans?Ocean acidifcation
17%
What is the name of an inlet created by a drowned river valley?Ria
16%
What is the name of Hong Kong's rapid transit railway system?MTR
14%
What area of land connected Great Britain to Europe before being flooded by the North Sea?Doggerland
10%
What is the nickname of the natural gas field in Turkmenistan which collapsed in 1971?Door to Hell
9%
The East African Rift is splitting Africa from which other plate?Somali Plate
9%
What is the name of the Muslim pilgrimage to Mecca that can take place all year round?Umrah
9%
The distance wind travels above a large body of water is called the ....Fetch
6%
What is the longest railway tunnel in the World?Gotthard Base Tunnel
5%
What is the name of the largest man-made lake?Lake Kariba
5%
What is the tallest mountain outside Hawaii?Mount Teide
3%
What is the term for an isolated rock hill/mountain such as the Uluru in Australia?Inselberg
2%

Score Distribution

Percentile by Number Answered

Percent of People with Each Score

Your Score History

You have not taken this quiz